Statystyki dla Morza świata

Kliknij tutaj aby rozwiązać quiz!

Ogólne statystyki

  • Ten quiz został rozwiązany 3 407 razy
  • Średni wynik to 32 z 100

Odpowiedzi na mapie

Odpowiedzi skodowane kolorowo w zielono-czerwonej skali na mapie do tego quizu, zgodnie z poniższymi procentami.
 

Statystyki odpowiedzi

obszar wody% Poprawnych
Morze Bałtyckie
92%
Morze Czarne
89%
Morze Czerwone
85%
Morze Śródziemne
82%
Ocean Spokojny
76%
Morze Północne
75%
Ocean Atlantycki
75%
Ocean Indyjski
73%
Morze Karaibskie
72%
Morze Japońskie
70%
Morze Kaspijskie
68%
Ocean Arktyczny
68%
Morze Arabskie
65%
Morze Norweskie
63%
Morze Adriatyckie
62%
Morze Żółte
62%
Morze
Południowochińskie
60%
Morze Beringa
58%
Zatoka Meksykańska
56%
Morze Egejskie
55%
Morze Białe
52%
Morze
Wschodniochińskie
52%
Zatoka Perska
47%
Morze Tasmana
46%
Morze Koralowe
45%
Morze Ochockie
44%
Zatoka Gwinejska
42%
Morze Jońskie
41%
Zatoka Bengalska
41%
Zatoka Hudsona
40%
Morze Barentsa
39%
Morze Filipińskie
37%
Morze Grenlandzkie
37%
Zatoka Kalifornijska
37%
Morze Irlandzkie
36%
Morze Baffina
35%
Zatoka Fińska
35%
Kanal La Manche
33%
Cieśnina Hudsona
32%
Morze Azowskie
32%
Morze Karskie
32%
Morze Tyrreńskie
32%
Morze Beauforta
31%
Morze
Wschodniosyberyjskie
31%
Zatoka Alaska
29%
Zatoka Biskajska
29%
Zatoka Botnicka
29%
Morze Jawajskie
27%
Kanał Mozambicki
26%
Morze Marmara
26%
Morze Timor
26%
Wielka Zatoka
Australijska
26%
Zatoka Panamska
26%
Morze Czukockie
25%
Morze Labradorskie
24%
Morze Celtyckie
23%
Morze Łaptiewów
23%
Zatoka Adeńska
23%
Morze Celebes
22%
Zatoka Ryska
20%
Morze Balearskie
19%
Morze Arafura
18%
Morze Liguryjskie
18%
Morze Andamańskie
17%
Zatoka Omańska
17%
Zatoka Św. Wawrzyńca
17%
Morze Banda
16%
Morze Salomona
16%
Río de la Plata
16%
Zatoka Tajlandzka
16%
Kattegat
15%
Morze Sulu
15%
Skagerrak
15%
Cieśnina Davisa
13%
Morze Bismarcka
13%
Zatoka Sueska
13%
Cieśnina Bassa
12%
Cieśnina Cooka
12%
Cieśnina Malakka
11%
Morze Flores
11%
Przejście
{Północno-Zachodnie}
11%
Zatoka San Francisco
11%
Morze Alborańskie
10%
Morze Lakkadiwskie
10%
Zatoka Karpentaria
10%
Zatoka Fundy
9%
Zatoka Maine
9%
Zatoka Tokijska
9%
Zatoka Akaba
8%
Morze Moluckie
7%
Morze Peczorskie
7%
Morze Sawu
7%
Zatoka Tonkińska
7%
Morze Salish
6%
Morze Seram
6%
Zatoka Bone
5%
Cieśnina Makasarska
4%
Morze Halmahera
4%
Zatoka Anadyrska
4%
Zatoka Tomini
4%

Rozkład punktacji

Percentyl według liczby udzielonych odpowiedzi

Procent ludzi z każdym wynikiem

Twoja historia wyników

Nie rozwiązałeś tego quizu